00620nam a2200217Ia 4500003000900000008004100009040001300050040001300063041000800076100001700084245002000101250001100121260000800132260000900140300000800149490001600157490000600173942000700179999001700186952019900203IT-RoPAU120407s9999 xx 000 0 und d aIT-RoPAU cIT-RoPAU aita aWilla Cather aIl Gelso bianco aTorino aSas c1953 c cm aUniversa, 3 v1 cBK c23531d23531 00102ddc406808_17300000000000071aPAULUSbPAULUSd2012-04-11l0o808.173r2012-04-11 00:00:00w2012-04-11yBKzInserito da: LuigiG In data: 27 ottobre 2011 fondo: Via A.Severo 56 Progr:12758